000
00203 a2200097 4500
001
13556
100
_a
Shinwell E
245
_a
The labour story
260
_a
London
_b
Macdonald
_c
090
_c
10559
_d
10559
942
_a
NUST-CAE
_c
M
_c
624
999
_c
248629
_d
248629